|
|
|
|
| LEADER |
00000nab a2200000 a 4500 |
| 001 |
vtls000127892 |
| 003 |
SK-MaSNL |
| 005 |
20260305021658.0 |
| 008 |
250423c1982 xo 0 slo |
| 015 |
|
|
|a SNBRB19rr/mm-uuuuu
|
| 035 |
|
|
|a CL0137997
|
| 035 |
|
|
|a (urnnbn)urn:nbn:sk:snk:ar-004vus
|
| 035 |
|
|
|a (uuid)a673e55e-4ab0-4fb7-9e60-df7077077ae7
|
| 035 |
|
|
|a urn:nbn:sk:snk-ab7y7n
|
| 040 |
|
|
|a SNKBUCL
|b slo
|c SNKBUCL
|e AACR2
|
| 041 |
0 |
|
|a slo
|
| 044 |
|
|
|a xo
|c SK
|
| 080 |
|
|
|a 930
|2 1981
|
| 080 |
|
|
|a 061.3
|2 1981
|
| 100 |
1 |
|
|a Kamenec, Ivan,
|d 1938-
|4 aut
|9 102304
|
| 245 |
1 |
0 |
|a 15. zasadnutie Československo-juhoslovanskej historickej komisie
|c I. Kamenec
|
| 650 |
0 |
7 |
|a historici
|2 snkbucl
|9 54543
|
| 650 |
0 |
7 |
|a Československo-juhoslovanská historická komisia
|2 snkbucl
|9 1598319
|
| 655 |
|
7 |
|a články z novín a časopisov
|2 snkbucl
|9 267496
|
| 773 |
0 |
|
|t Historický časopis
|g Roč. 30, č. 3 (1982), s. 510
|
| 850 |
|
|
|a Slovenská národná knižnica
|
| 852 |
|
|
|a Slovenská národná knižnica
|
| 954 |
|
|
|a odborná, vedecká literatúra pôvodná (slovenská)
|2 lita
|
| 957 |
|
|
|a 5306
|
| 958 |
|
|
|a article9
|
| 958 |
|
|
|a OND
|
| 958 |
|
|
|a RK
|
| 958 |
|
|
|a EUIPO
|
| 992 |
|
|
|a RBX
|
| 999 |
|
|
|c 3287528
|d 3289458
|